Modrá ekonomika a jej vývojové trendy vo svete, v Európe a na Slovensku v 21. storočí dizertačná práca
Guardado en:
| Autor principal: | |
|---|---|
| Autor Corporativo: | |
| Otros Autores: | |
| Formato: | Libro |
| Lenguaje: | eslovaco |
| Publicado: |
Bratislava
2017
|
| Materias: | |
| Etiquetas: |
Sin Etiquetas, Sea el primero en etiquetar este registro!
|
MARC
| LEADER | 00000nbm a2200000 4500 | ||
|---|---|---|---|
| 001 | 0233887 | ||
| 005 | 20240502073809.3 | ||
| 041 | 0 | |a slo | |
| 044 | |a SK | ||
| 245 | 1 | 0 | |a Modrá ekonomika a jej vývojové trendy vo svete, v Európe a na Slovensku v 21. storočí |b dizertačná práca |c Boris Dziura ; školiteľ: Ľudmila Lipková |
| 264 | 1 | |a Bratislava |c 2017 | |
| 300 | |a 125 s. | ||
| 610 | 2 | 0 | |a ekonomika modrá |
| 610 | 2 | 0 | |a ekonomika environmentálna |
| 610 | 2 | 0 | |a rozvoj trvalo udržateľný |
| 610 | 2 | 0 | |a Slovensko |
| 610 | 2 | 0 | |a Európa |
| 100 | 1 | |a Dziura, Boris, 1976- | |
| 700 | 1 | |a Lipková, Ľudmila | |
| 710 | 2 | |a Fakulta medzinárodných vzťahov EU. Katedra medzinárodných ekonomických vzťahov a hospodárskej diplomacie | |